MARC

LEADER 00000nas a2200000 a 4500
001 ssj0005183
003 WaSeSS
005 20200512172242.0
006 m d
007 cr n
008 001219c19539999dcuqr pss o 0 a0eng c
010 |a  2001212088 
016 7 |a 021591695  |2 DE-101 
016 7 |a 2042096-1  |2 DE-600 
016 7 |a A55530000  |2 DNLM 
022 |a 1534-1518  |l 0003-5491  |y 0003-5491 
035 |a (WaSeSS)ssj0005183 
037 |b Project Muse, The Johns Hopkins University Press, 2715 N. Charles Street, Baltimore, Maryland 21211 
040 |a JHE  |b eng  |c JHE  |d NSD  |d EYM  |d OCLCQ  |d F#A  |d BUF  |d EYM  |d HUL  |d DOS  |d OCLCQ  |d GBVCP  |d OCLCQ  |d DLC  |d OCLCA  |d OCLCQ  |d OCLCO  |d OCLCQ  |d OCLCA  |d OCLCF  |d OCLCO  |d OCLCQ  |d DEBBG  |d WT2  |d GILDS  |d OCLCO  |d OCLCQ  |d TOF  |d WYU  |d VT2  |d OCLCQ  |d OCLCO  |d WaSeSS 
042 |a nsdp  |a pcc 
050 1 4 |a GN1  |b .P7 
060 0 |a W1 AN847M 
082 1 0 |a 572  |2 13 
130 0 |a Anthropological quarterly (Online) 
210 0 |a Anthropol. q.  |b (Online) 
222 0 |a Anthropological quarterly  |b (Online) 
245 1 0 |a Anthropological quarterly  |h [electronic resource]. 
260 |a Washington, D.C. :  |b Catholic University of America Press,  |c 1953- 
310 |a Quarterly 
362 0 |a Vol. 26, no. 1 (Jan. 1953)- 
500 |a Title from cover (JSTOR, viewed Apr. 14, 2006). 
500 |a Published by: Institute for Ethnographic Research, George Washington University, 2001- 
506 |a License restrictions may limit access. 
515 |a Issues for Jan. 1953-Oct. 1956 called also new ser., v. 1-4. 
538 |a Mode of access: World Wide Web. 
550 |a Edited by the Dept. of Anthropology, the Catholic University of America. 
588 1 |a Vol. 75, no. 4 (fall 2002) (JSTOR, viewed Apr. 14, 2006). 
650 0 |a Anthropology  |v Periodicals. 
650 7 |a Anthropology.  |2 fast  |0 (OCoLC)fst00810196 
655 0 |a Electronic journals. 
710 2 |a Catholic University of America.  |b Department of Anthropology. 
710 2 |a George Washington University.  |b Institute for Ethnographic Research. 
776 1 |t Anthropological quarterly  |x 0003-5491  |w (DLC) 32029126  |w (OCoLC)1481559 
780 0 0 |t Primitive man (Washington, D.C : Online)  |x 2326-4608  |w (DLC) 2006236950  |w (OCoLC)50592478 
856 4 0 |z Full text available from Research Library: 07/01/1997 to 10/31/2017  |u https://search.proquest.com/publication/34818